Fundamentals of Software Engineering (Record no. 943)

MARC details
000 -LEADER
fixed length control field 00339nam a2200145Ia 4500
008 - FIXED-LENGTH DATA ELEMENTS--GENERAL INFORMATION
fixed length control field 191201s2005 xx 000 0 und d
082 ## - DEWEY DECIMAL CLASSIFICATION NUMBER
Classification number 005.1
Item number MAF
100 ## - MAIN ENTRY--PERSONAL NAME
Personal name MALL, Rajib
245 #0 - TITLE STATEMENT
Title Fundamentals of Software Engineering
250 ## - EDITION STATEMENT
Edition statement 2nd
260 ## - PUBLICATION, DISTRIBUTION, ETC. (IMPRINT)
Place of publication, distribution, etc N.Delhi
Name of publisher, distributor, etc PHI
Date of publication, distribution, etc 2005
300 ## - PHYSICAL DESCRIPTION
Extent 336
650 ## - SUBJECT ADDED ENTRY--TOPICAL TERM
Topical term or geographic name as entry element B.Tech(CSE)
942 ## - ADDED ENTRY ELEMENTS (KOHA)
Source of classification or shelving scheme Dewey Decimal Classification
Koha item type Text Books
Holdings
Withdrawn status Lost status Source of classification or shelving scheme Damaged status Not for loan Collection code Home library Current library Date acquired Source of acquisition Cost, normal purchase price Bill Number Total Checkouts Full call number Acc. no. / Barcode Date last seen Date last borrowed Bill Date Koha item type
    Dewey Decimal Classification     B.Tech(CSE) PIET C-LIBRARY PIET C-LIBRARY 09/08/2005 UDH, Delhi 195.00 CM 4732 1 005.1 MAF 786 27/02/2020 19/02/2020 22/08/2005 Text Books
    Dewey Decimal Classification     B.Tech(CSE) PIET C-LIBRARY PIET C-LIBRARY 09/08/2005 UDH, Delhi 195.00 CM 4732 2 005.1 MAF 787 08/03/2022 29/12/2021 22/08/2005 Text Books
    Dewey Decimal Classification     B.Tech(CSE) PIET C-LIBRARY PIET C-LIBRARY 09/08/2005 UDH, Delhi 195.00 CM 4732 1 005.1 MAF 788 02/03/2020 24/02/2020 22/08/2005 Text Books
    Dewey Decimal Classification     B.Tech(CSE) PIET C-LIBRARY PIET C-LIBRARY 09/08/2005 UDH, Delhi 195.00 CM 4732 2 005.1 MAF 789 02/03/2020 24/02/2020 22/08/2005 Text Books
    Dewey Decimal Classification     B.Tech(CSE) PIET C-LIBRARY PIET C-LIBRARY 09/08/2005 UDH, Delhi 195.00 CM 4732 2 005.1 MAF 790 14/12/2021 30/11/2021 22/08/2005 Text Books
    Dewey Decimal Classification     B.Tech(ECE) PIET C-LIBRARY PIET C-LIBRARY 30/08/2006 M/s UDH, Delhi 195.00 10392 1 005.1 MAF 5085 28/02/2020 19/02/2020 16/01/2006 Text Books
    Dewey Decimal Classification     B.Tech(IT) PIET C-LIBRARY PIET C-LIBRARY 13/08/2007 J B C, New Delhi 195.00 696   005.1 MAF 5975 04/12/2019   27/07/2007 Text Books
    Dewey Decimal Classification     B.Tech(IT) PIET C-LIBRARY PIET C-LIBRARY 13/08/2007 J B C, New Delhi 195.00 696 3 005.1 MAF 5976 30/07/2025 26/03/2025 27/07/2007 Text Books
    Dewey Decimal Classification     Computer Science & Engineering in Cyber Security PIET C-LIBRARY PIET C-LIBRARY 13/08/2007 J B C, New Delhi 195.00 696 3 005.1 MAF 5977 11/06/2025 28/05/2025 27/07/2007 Text Books
    Dewey Decimal Classification     Computer Science & Engineering in Cyber Security PIET C-LIBRARY PIET C-LIBRARY 13/08/2007 J B C, New Delhi 195.00 696   005.1 MAF 5978 04/12/2019   27/07/2007 Text Books

Design & Developed by: PIET Central Library
R70 Miles Stone Pattikalyana Samalkha Panipat 132102
mail ID :- [email protected], Phone No:- 0180-2569700 Ex.216